[Event "GoAudit Open"]
[Site "Copenhagen"]
[Date "2019.11.09"]
[Round "6.2"]
[White "Marchena Hurtado, Javier"]
[Black "Rostgaard, Tobias Valentin"]
[Result "1/2-1/2"]
[WhiteElo "2356"]
[BlackElo "2357"]
[PlyCount "139"]
[EventDate "2019.11.??"]
[EventType "swiss"]
[EventRounds "8"]
[EventCountry "DEN"]

1. d4 Nf6 2. c4 g6 3. Nf3 Bg7 4. g3 O-O 5. Bg2 d6 6. O-O Nc6 7. Nc3 a6 8. h3
Bd7 9. e4 e5 10. dxe5 Nxe5 11. Nxe5 dxe5 12. Be3 Be6 13. Qe2 c6 14. Bc5 Re8 15.
Rfd1 Qc8 16. Kh2 Nd7 17. Bd6 Bf8 18. b3 Bxd6 19. Rxd6 Qc7 20. Rad1 a5 21. Qe3
b6 22. h4 h5 23. Bh3 Bxh3 24. Kxh3 Nc5 25. Qg5 Re6 26. Rd8+ Re8 27. R8d6 Re6
28. Qd2 Rxd6 29. Qxd6 Qxd6 30. Rxd6 Rc8 31. f4 exf4 32. gxf4 Kf8 33. e5 Ke7 34.
Kg2 Ne6 35. Ne2 Rc7 36. Kf3 Rc8 37. f5 gxf5 38. Nf4 Nf8 39. Rf6 a4 40. Rxf5 a3
41. Rxh5 Rd8 42. Rh6 Rd2 43. Rxc6 Nd7 44. Ke4 Rxa2 45. Nd5+ Kf8 46. Nxb6 Nxb6
47. Rxb6 Ra1 48. Ra6 a2 49. b4 Re1+ 50. Kd5 a1=Q 51. Rxa1 Rxa1 52. b5 Ke7 53.
Kc6 Kd8 54. c5 Kc8 55. Kd6 Rd1+ 56. Ke7 Rf1 57. h5 Rf5 58. h6 Rh5 59. Kxf7 Rxh6
60. e6 Rh7+ 61. Kf6 Rh1 62. b6 Rf1+ 63. Ke7 Kb7 64. Kd7 Rd1+ 65. Ke8 Kc6 66. e7
Kb7 67. Kf7 Rf1+ 68. Ke6 Re1+ 69. Kd7 Rd1+ 70. Ke6 1/2-1/2

[Event "GoAudit Open"]
[Site "Copenhagen"]
[Date "2019.11.09"]
[Round "6.3"]
[White "Nielsen, Viktor Haarmark"]
[Black "Hoi, Carsten"]
[Result "1/2-1/2"]
[WhiteElo "2268"]
[BlackElo "2317"]
[PlyCount "52"]
[EventDate "2019.11.??"]
[EventType "swiss"]
[EventRounds "8"]
[EventCountry "DEN"]

1. e4 g6 2. d4 Bg7 3. Nf3 d6 4. Bc4 Nc6 5. c3 Nf6 6. Nbd2 O-O 7. O-O e5 8. dxe5
dxe5 9. Qe2 Qe7 10. b4 Nh5 11. g3 Bg4 12. Qe3 h6 13. a4 Rfd8 14. Ba3 Qf6 15.
Be2 Nf4 16. Bc4 Nh3+ 17. Kg2 Rd7 18. Rfd1 Rad8 19. Be2 Nf4+ 20. gxf4 exf4 21.
e5 Qf5 22. Qe4 Bxf3+ 23. Bxf3 Rxd2 24. Qxf5 gxf5 25. Rxd2 Rxd2 26. Bc1 Rc2
1/2-1/2

[Event "GoAudit Open"]
[Site "Copenhagen"]
[Date "2019.11.09"]
[Round "6.4"]
[White "Pedersen, Nicolai Vesterbaek"]
[Black "Christensen, Lasse"]
[Result "1-0"]
[WhiteElo "2391"]
[BlackElo "2204"]
[PlyCount "127"]
[EventDate "2019.11.??"]
[EventType "swiss"]
[EventRounds "8"]
[EventCountry "DEN"]

1. c4 e5 2. d3 Nc6 3. Nf3 g6 4. g3 Bg7 5. Bg2 Nge7 6. Nc3 d5 7. cxd5 Nxd5 8.
Bg5 f6 9. Bd2 Nxc3 10. Bxc3 Be6 11. h4 Qd7 12. b4 O-O 13. h5 gxh5 14. b5 Nd4
15. Bxd4 exd4 16. Rxh5 Bf7 17. Rh4 Qxb5 18. Nxd4 Qa5+ 19. Kf1 f5 20. Nb3 Qe5
21. Rc1 c6 22. Qd2 Qe7 23. e3 Rad8 24. d4 Bf6 25. Rh2 Bd5 26. Bxd5+ Rxd5 27.
Qd3 Bg7 28. Kg2 h6 29. Rh4 Rf7 30. Rc4 Bf8 31. Rc5 Qd7 32. Rc1 Qd8 33. Qe2 Qf6
34. Qf3 Ba3 35. Rch1 Bf8 36. Nc5 Qd6 37. Rh5 b6 38. Nd3 Bg7 39. Ne5 Rf8 40.
Rxf5 Rxf5 41. Qxf5 Bxe5 42. dxe5 Rxe5 43. Qg4+ Kh7 44. e4 Re7 45. Rd1 Qg6 46.
Qxg6+ Kxg6 47. Rd6+ Kh5 48. f4 Kg4 49. Rg6+ Kh5 50. Rxc6 Kg4 51. e5 Rd7 52.
Rg6+ Kf5 53. Rf6+ Kg4 54. Rg6+ Kf5 55. Rxh6 Rd2+ 56. Kh3 Rxa2 57. Rf6+ Ke4 58.
e6 Kd5 59. f5 Kd6 60. Rf7 a5 61. Rd7+ Kc6 62. f6 Rf2 63. f7 a4 64. Rd3 1-0

[Event "GoAudit Open"]
[Site "Copenhagen"]
[Date "2019.11.09"]
[Round "6.5"]
[White "Andersen, Rune"]
[Black "Liu, Casper Yukun"]
[Result "0-1"]
[WhiteElo "2122"]
[BlackElo "2171"]
[PlyCount "98"]
[EventDate "2019.11.??"]
[EventType "swiss"]
[EventRounds "8"]
[EventCountry "DEN"]

1. d4 Nf6 2. c4 g6 3. Nc3 Bg7 4. e4 d6 5. Nge2 O-O 6. Ng3 e5 7. d5 a5 8. Be2
Na6 9. h4 h5 10. Bg5 Qe8 11. Qd2 Kh7 12. f3 Nd7 13. O-O-O Nb4 14. Kb1 Nc5 15.
Nb5 f6 16. Be3 Qe7 17. Nf1 f5 18. Bxc5 dxc5 19. a3 Bh6 20. Qc3 fxe4 21. Ng3
exf3 22. gxf3 Na6 23. Qxa5 Rf4 24. Ne4 Bf5 25. d6 Bxe4+ 26. fxe4 cxd6 27. Rxd6
Rxe4 28. Bd3 Rg4 29. Qb6 e4 30. Be2 Rg2 31. Rhd1 Bg7 32. Nc3 Qe5 33. Rd7 Nb8
34. R7d5 Qe7 35. Bxh5 Ra6 36. Qb5 gxh5 37. Rxh5+ Kg8 38. Rhd5 Qf6 39. Qxb7 Rb6
40. Rd8+ Bf8 41. Qd5+ Kg7 42. Rd2 Rxd2 43. Qxd2 Qf1+ 44. Nd1 Be7 45. Rd5 Bf6
46. Rg5+ Bxg5 47. Qxg5+ Rg6 48. Qe5+ Kh7 49. Qh5+ Rh6 0-1

[Event "GoAudit Open"]
[Site "Copenhagen"]
[Date "2019.11.09"]
[Round "6.7"]
[White "Saravana, Vedant Kumar"]
[Black "Malmqvist, Glenn"]
[Result "0-1"]
[WhiteElo "1841"]
[BlackElo "2121"]
[PlyCount "118"]
[EventDate "2019.11.??"]
[EventType "swiss"]
[EventRounds "8"]
[EventCountry "DEN"]

1. e4 c5 2. Nf3 d6 3. d4 cxd4 4. Nxd4 Nf6 5. Nc3 a6 6. Be3 e5 7. Nf3 Be7 8. Bc4
Qc7 9. Bb3 Nbd7 10. O-O O-O 11. Qe2 b5 12. a4 b4 13. Nd5 Nxd5 14. Bxd5 Rb8 15.
Bd2 Nf6 16. Bc4 a5 17. Rad1 Qc6 18. Bd3 h6 19. b3 Bb7 20. Rfe1 Bd8 21. Bc1 Ra8
22. Nd2 Bb6 23. Nc4 Bc5 24. Qf3 Ne8 25. Be3 Nc7 26. Qg3 Kh7 27. Kh1 Ne6 28.
Bxc5 Qxc5 29. Ne3 Nd4 30. f4 f6 31. f5 Qc8 32. Nc4 Qc7 33. Ne3 Ba6 34. Nd5 Qf7
35. Rd2 Bxd3 36. Qxd3 Rfc8 37. Nb6 Rc3 38. Qf1 Rb8 39. Nd5 Rc5 40. Qd3 Rbc8 41.
Rc1 R8c6 42. h3 Qa7 43. Qg3 Qf7 44. Qd3 Rc8 45. Kh2 Kg8 46. Rf2 Kh8 47. Nb6 Rc3
48. Nxc8 Rxd3 49. cxd3 Nxb3 50. Nxd6 Qd7 51. Rb1 Nc5 52. Nc4 Qxd3 53. Rc1 Nb3
54. Rcc2 Nd4 55. Rfd2 Qxe4 56. Nd6 Qf4+ 57. g3 Nf3+ 58. Kg2 Qxd2+ 59. Rxd2 Nxd2
0-1

[Event "GoAudit Open"]
[Site "Copenhagen"]
[Date "2019.11.09"]
[Round "6.8"]
[White "Jensen, Torben Winther"]
[Black "Guindy, Esmat Susanne"]
[Result "0-1"]
[WhiteElo "1701"]
[BlackElo "2102"]
[PlyCount "76"]
[EventDate "2019.11.??"]
[EventType "swiss"]
[EventRounds "8"]
[EventCountry "DEN"]

1. e4 e6 2. d4 d5 3. Nd2 Nf6 4. e5 Nfd7 5. Bd3 c5 6. c3 Nc6 7. Ne2 cxd4 8. cxd4
f6 9. f4 Qb6 10. Nb3 a5 11. a4 Bb4+ 12. Nc3 O-O 13. Qh5 f5 14. Qd1 Nxd4 15.
Nxd4 Qxd4 16. Qc2 Nc5 17. Be2 Ne4 18. Bd2 Qxd2+ 19. Qxd2 Nxd2 20. Kxd2 d4 21.
Bc4 b6 22. Kc2 dxc3 23. bxc3 Bc5 24. Rhd1 Ra7 25. Bb5 Rc7 26. c4 Bb7 27. g3 Bc6
28. Kb3 Bxb5 29. axb5 Rfc8 30. Rac1 a4+ 31. Kb2 Bb4 32. Rd4 Kf7 33. h3 Ke7 34.
Rcd1 Rxc4 35. Rd7+ Kf8 36. Rb7 Rc2+ 37. Kb1 a3 38. Rd3 Rb2+ 0-1

[Event "GoAudit Open"]
[Site "Copenhagen"]
[Date "2019.11.09"]
[Round "6.9"]
[White "Gehrig, Bruno"]
[Black "Falkesgaard, Jeppe Hald"]
[Result "1-0"]
[WhiteElo "1664"]
[BlackElo "1972"]
[PlyCount "61"]
[EventDate "2019.11.??"]
[EventType "swiss"]
[EventRounds "8"]
[EventCountry "DEN"]

1. Nf3 Nf6 2. g3 g6 3. Bg2 Bg7 4. d4 O-O 5. c4 d6 6. Nc3 c5 7. d5 e6 8. O-O
exd5 9. Nxd5 Nxd5 10. Qxd5 Nc6 11. Bf4 Be6 12. Qxd6 Bxc4 13. Qxc5 Bxe2 14. Rfe1
Bxf3 15. Bxf3 Nd4 16. Bxb7 Ne6 17. Rxe6 fxe6 18. Qc4 Qb6 19. Bxa8 Rxa8 20. Rd1
Bf8 21. Rd7 Bc5 22. Rc7 Bxf2+ 23. Kh1 Re8 24. Be5 Qe3 25. Rg7+ Kh8 26. Rxh7+
Kxh7 27. Qc7+ Kh6 28. Bf4+ g5 29. Bxe3 Bxe3 30. Qf7 Rb8 31. Qxe6+ 1-0

[Event "GoAudit Open"]
[Site "Copenhagen"]
[Date "2019.11.09"]
[Round "6.10"]
[White "van den Brink, Nienke"]
[Black "Jarlskov, Daniel Tuk Hartso"]
[Result "0-1"]
[WhiteElo "1851"]
[BlackElo "1778"]
[PlyCount "92"]
[EventDate "2019.11.??"]
[EventType "swiss"]
[EventRounds "8"]
[EventCountry "DEN"]

1. e4 e5 2. Nf3 Nc6 3. d4 exd4 4. Nxd4 Nf6 5. Nxc6 bxc6 6. e5 Qe7 7. Qe2 Nd5 8.
c4 Nb6 9. Nc3 a5 10. f4 Ba6 11. b3 Qe6 12. Bd2 d5 13. exd6 cxd6 14. Be3 Nd7 15.
Qf3 g6 16. Kf2 Bb7 17. Bd4 Ne5 18. fxe5 dxe5 19. Bxe5 Qxe5 20. Qe4 Qxe4 21.
Nxe4 O-O-O 22. Be2 c5 23. Ng5 Bg7 24. Rad1 h6 25. Nxf7 Rdf8 26. Bg4+ Kb8 27.
Rd7 Bc8 28. Rhd1 Bd4+ 29. Kg3 Bxd7 30. Nxh8 Bxg4 31. Kxg4 Rxh8 32. Re1 Rf8 33.
Re2 Rf2 34. Rxf2 Bxf2 35. Kf4 Bd4 36. h3 Kc7 37. Ke4 Kd6 38. Kf4 Ke6 39. Ke4
Bc3 40. Kf4 Bb2 41. Ke4 Bc1 42. Kd3 Ke5 43. a4 Kf4 44. g4 Kg3 45. Ke4 Kxh3 46.
Kd5 Ba3 0-1

[Event "GoAudit Open"]
[Site "Copenhagen"]
[Date "2019.11.10"]
[Round "7.1"]
[White "Rostgaard, Tobias Valentin"]
[Black "Fries Nielsen, Jens Ove"]
[Result "1/2-1/2"]
[WhiteElo "2357"]
[BlackElo "2367"]
[PlyCount "112"]
[EventDate "2019.11.??"]
[EventType "swiss"]
[EventRounds "8"]
[EventCountry "DEN"]

1. d4 c5 2. d5 g6 3. Nc3 d6 4. e4 Bg7 5. h3 Nf6 6. Nf3 O-O 7. a4 e6 8. Be2 exd5
9. exd5 Na6 10. O-O Nb4 11. Bf4 Bf5 12. Rc1 Re8 13. Bb5 Bd7 14. Qd2 Bxb5 15.
axb5 Qd7 16. Rfd1 a6 17. bxa6 Rxa6 18. Re1 Raa8 19. Ng5 Rxe1+ 20. Rxe1 Ra6 21.
Nge4 Ne8 22. Nd1 Ra8 23. c3 Na6 24. Ne3 b5 25. h4 h5 26. Bg5 c4 27. Nc2 Nc5 28.
Nxc5 dxc5 29. Re7 Qf5 30. Na3 Nd6 31. Bf4 Qd3 32. Qe1 b4 33. Bxd6 bxa3 34. bxa3
Bxc3 35. Re8+ Kh7 36. Qe7 Rxe8 37. Qxf7+ Bg7 38. Qxe8 c3 39. Bf4 Qxd5 40. Qe2
Qb3 41. g4 Qb2 42. Qe4 c2 43. gxh5 c1=Q+ 44. Bxc1 Qxc1+ 45. Kg2 Qh6 46. hxg6+
Qxg6+ 47. Kf3 Qxe4+ 48. Kxe4 c4 49. a4 c3 50. Kd3 Bd4 51. f4 Kg6 52. a5 Kh5 53.
a6 Kxh4 54. a7 Bxa7 55. Kxc3 Kg4 56. Kd3 Kxf4 1/2-1/2

[Event "GoAudit Open"]
[Site "Copenhagen"]
[Date "2019.11.10"]
[Round "7.2"]
[White "Hoi, Carsten"]
[Black "Hector, Jonny"]
[Result "1/2-1/2"]
[WhiteElo "2317"]
[BlackElo "2478"]
[PlyCount "61"]
[EventDate "2019.11.??"]
[EventType "swiss"]
[EventRounds "8"]
[EventCountry "DEN"]

1. d4 d5 2. Nc3 Nf6 3. Bg5 c5 4. Bxf6 gxf6 5. e4 dxe4 6. dxc5 Qa5 7. Qh5 Bg7 8.
Bb5+ Nc6 9. Nge2 O-O 10. a3 f5 11. O-O Be6 12. Qg5 Qc7 13. Bxc6 h6 14. Qh4 Qxc6
15. Qxe7 Rfe8 16. Qh4 Qxc5 17. Rfd1 Qe7 18. Qg3 Red8 19. Nf4 Qg5 20. Qe3 Be5
21. g3 Kh7 22. Rxd8 Rxd8 23. Rd1 Rxd1+ 24. Nxd1 Qg4 25. Nc3 Bc4 26. Qc5 Bxc3
27. Qxc4 Qd1+ 28. Kg2 Qf3+ 29. Kg1 Qd1+ 30. Kg2 Qf3+ 31. Kg1 1/2-1/2

[Event "GoAudit Open"]
[Site "Copenhagen"]
[Date "2019.11.10"]
[Round "7.3"]
[White "Nielsen, Viktor Haarmark"]
[Black "Pedersen, Nicolai Vesterbaek"]
[Result "1/2-1/2"]
[WhiteElo "2268"]
[BlackElo "2391"]
[PlyCount "254"]
[EventDate "2019.11.??"]
[EventType "swiss"]
[EventRounds "8"]
[EventCountry "DEN"]

1. e4 e5 2. Nf3 Nc6 3. Bb5 a6 4. Ba4 Nf6 5. O-O Be7 6. Re1 b5 7. Bb3 d6 8. c3
O-O 9. h3 Na5 10. Bc2 c5 11. d4 Nd7 12. Nbd2 exd4 13. cxd4 Nc6 14. d5 Nce5 15.
Nxe5 Nxe5 16. a4 Rb8 17. f4 Ng6 18. Nf3 f5 19. exf5 Bxf5 20. Bxf5 Rxf5 21. g4
Rf7 22. f5 Nf8 23. axb5 axb5 24. Ra7 Ra8 25. Rxa8 Qxa8 26. Bg5 Bxg5 27. Nxg5
Ra7 28. Kh2 Ra2 29. Re2 Ra1 30. Qd3 Qa4 31. Qe4 Qd1 32. Kg3 Qg1+ 33. Kh4 h6 34.
Ne6 Ra4 35. Qe3 Qxe3 36. Rxe3 Nh7 37. Nc7 b4 38. b3 Ra2 39. Ne8 Ra6 40. Re6 c4
41. bxc4 b3 42. Re1 b2 43. Rb1 Rb6 44. Nc7 Rb3 45. Ne6 Kf7 46. g5 hxg5+ 47.
Nxg5+ Nxg5 48. Kxg5 Rg3+ 49. Kf4 Rg2 50. Kf3 Rh2 51. Kg3 Rc2 52. Kf3 Kf6 53.
Ke3 Kxf5 54. Kd3 Rh2 55. Kc3 Rxh3+ 56. Kxb2 g5 57. Kc2 g4 58. Rf1+ Ke5 59. Re1+
Kd4 60. Re6 Kc5 61. Rg6 Rg3 62. Kd2 Rg1 63. Kc2 g3 64. Rg4 g2 65. Kb2 Kb4 66.
Ka2 Kc3 67. c5 dxc5 68. d6 c4 69. d7 Rd1 70. Rg3+ Kb4 71. Rxg2 Rxd7 72. Rg3 Rd3
73. Rg8 Kc3 74. Rc8 Rd2+ 75. Kb1 Rd1+ 76. Ka2 Rc1 77. Rh8 Rd1 78. Rc8 Re1 79.
Rc7 Re4 80. Kb1 Re5 81. Rc8 Rd5 82. Rc7 Rf5 83. Rc8 Rf6 84. Rc7 Rb6+ 85. Kc1
Ra6 86. Kb1 Rg6 87. Rc8 Rg4 88. Rc7 Rg1+ 89. Ka2 Rc1 90. Rh7 Rd1 91. Rc7 Rd4
92. Kb1 Rh4 93. Rc8 Rh3 94. Rc7 Rh4 95. Rc8 Rh5 96. Rc7 Rf5 97. Rc8 Rf1+ 98.
Ka2 Rd1 99. Rc7 Rd8 100. Kb1 Rb8+ 101. Kc1 Ra8 102. Kb1 Ra4 103. Rh7 Kb3 104.
Rb7+ Kc3 105. Rh7 Ra5 106. Rh3+ Kb4 107. Kc2 Ra2+ 108. Kc1 Rg2 109. Rf3 Rg1+
110. Kc2 Rg2+ 111. Kc1 Ra2 112. Rh3 Ra5 113. Rg3 Rd5 114. Kc2 Ra5 115. Rh3 Ra2+
116. Kc1 c3 117. Rh8 Ra5 118. Rb8+ Rb5 119. Rxb5+ Kxb5 120. Kc2 Kb4 121. Kc1
Kc5 122. Kc2 Kd4 123. Kc1 Ke3 124. Kc2 Kd4 125. Kc1 Kd3 126. Kd1 c2+ 127. Kc1
Kc3 1/2-1/2

[Event "GoAudit Open"]
[Site "Copenhagen"]
[Date "2019.11.10"]
[Round "7.4"]
[White "Liu, Casper Yukun"]
[Black "Marchena Hurtado, Javier"]
[Result "0-1"]
[WhiteElo "2171"]
[BlackElo "2356"]
[PlyCount "94"]
[EventDate "2019.11.??"]
[EventType "swiss"]
[EventRounds "8"]
[EventCountry "DEN"]

1. d4 d5 2. Bf4 c5 3. e3 Nc6 4. c3 Nf6 5. Nf3 Qb6 6. Qb3 c4 7. Qxb6 axb6 8. Na3
Ra5 9. Bc7 Bf5 10. Bxb6 Ra6 11. Bc7 e6 12. Nb5 Kd7 13. Be2 Be7 14. Bd1 Ne4 15.
Nd2 Rha8 16. a4 Na7 17. Nxa7 R8xa7 18. Bg3 b5 19. f3 Nxg3 20. hxg3 bxa4 21. e4
Bg6 22. Ke2 a3 23. b3 cxb3 24. Bxb3 dxe4 25. fxe4 Bg5 26. Bc2 a2 27. Nf3 Bf6
28. Rhc1 Ra3 29. e5 Bd8 30. Bxg6 hxg6 31. Rc2 Kc6 32. Kd3 Kd5 33. Nd2 R7a4 34.
Nf1 Rxd4+ 35. Ke2 Re4+ 36. Ne3+ Kxe5 37. Kd3 Rd4+ 38. Ke2 Rda4 39. Kd3 Kf6 40.
Nc4 Rb3 41. Raxa2 Rxa2 42. Rxa2 Bc7 43. g4 Rb5 44. Ra7 Bf4 45. Ke4 g5 46. Na5
Re5+ 47. Kd4 Be3+ 0-1

[Event "GoAudit Open"]
[Site "Copenhagen"]
[Date "2019.11.10"]
[Round "7.5"]
[White "Christensen, Lasse"]
[Black "Frank Nielsen, Marie"]
[Result "1/2-1/2"]
[WhiteElo "2204"]
[BlackElo "1989"]
[PlyCount "34"]
[EventDate "2019.11.??"]
[EventType "swiss"]
[EventRounds "8"]
[EventCountry "DEN"]

1. d4 Nf6 2. c4 g6 3. Nc3 Bg7 4. Bg5 d6 5. e3 O-O 6. Nf3 Nbd7 7. Be2 h6 8. Bh4
c5 9. d5 Re8 10. Nd2 Ne5 11. h3 g5 12. Bg3 Bf5 13. e4 Bh7 14. Bxe5 dxe5 15. Bd3
Rf8 16. Qe2 a6 17. O-O Bg6 1/2-1/2

[Event "GoAudit Open"]
[Site "Copenhagen"]
[Date "2019.11.10"]
[Round "7.6"]
[White "Olsen, Bjorn"]
[Black "Malmqvist, Glenn"]
[Result "0-1"]
[WhiteElo "1856"]
[BlackElo "2121"]
[PlyCount "104"]
[EventDate "2019.11.??"]
[EventType "swiss"]
[EventRounds "8"]
[EventCountry "DEN"]

1. d4 Nf6 2. c4 e6 3. Nc3 Bb4 4. f3 c5 5. a3 Bxc3+ 6. bxc3 O-O 7. e4 Ne8 8. Nh3
b6 9. Bg5 f6 10. Be3 Qc7 11. Bd3 d6 12. Nf2 Nc6 13. O-O Ba6 14. Qe2 Na5 15. d5
Qd7 16. f4 Nc7 17. dxe6 Qxe6 18. f5 Qf7 19. Bf4 Rad8 20. Ng4 Bxc4 21. Rf3 Bxd3
22. Rxd3 Nc4 23. Rg3 Kh8 24. a4 Rfe8 25. Qf3 Ne5 26. Bxe5 dxe5 27. Qe2 Rd7 28.
Rd1 Red8 29. Rgd3 Qe7 30. Nf2 Ne8 31. Rd5 Rxd5 32. exd5 Qd7 33. Qc2 Nd6 34. g4
c4 35. h3 Kg8 36. Kg2 Rc8 37. Kg3 Rc5 38. Ne4 Nxe4+ 39. Qxe4 Qxa4 40. Rd2 Qd7
41. d6 Kf7 42. Rd5 Qc6 43. Rd4 Qxe4 44. Rxe4 Ke8 45. g5 fxg5 46. Kg4 Kd7 47.
Kxg5 Kxd6 48. f6 gxf6+ 49. Kxf6 a5 50. Rh4 Rc7 51. Kf5 Rf7+ 52. Kg5 Kd5 0-1

[Event "GoAudit Open"]
[Site "Copenhagen"]
[Date "2019.11.10"]
[Round "7.7"]
[White "Guindy, Esmat Susanne"]
[Black "Gehrig, Bruno"]
[Result "1-0"]
[WhiteElo "2102"]
[BlackElo "1664"]
[PlyCount "75"]
[EventDate "2019.11.??"]
[EventType "swiss"]
[EventRounds "8"]
[EventCountry "DEN"]

1. d4 Nf6 2. Nf3 g6 3. g3 Bg7 4. Bg2 d5 5. O-O O-O 6. c4 b6 7. cxd5 Nxd5 8. e4
Nf6 9. Nc3 Bb7 10. Re1 Nbd7 11. h3 c6 12. Be3 Re8 13. e5 Nd5 14. Nxd5 cxd5 15.
Qd2 f6 16. Bh6 e6 17. Bxg7 Kxg7 18. exf6+ Nxf6 19. Ng5 Qd6 20. Qe3 Bc8 21. Re2
h6 22. Nf3 Ba6 23. Rc2 Rac8 24. Rac1 Rxc2 25. Rxc2 Rc8 26. Rxc8 Bxc8 27. Qc3
Bb7 28. Ne5 Nd7 29. Ng4 Nf6 30. Ne3 Qc6 31. Qa3 Kf7 32. Qxa7 Ne4 33. Ng4 Qc7
34. Nxh6+ Kf6 35. Ng4+ Kg5 36. Qa3 Qc1+ 37. Kh2 Kh5 38. Qe7 1-0

[Event "GoAudit Open"]
[Site "Copenhagen"]
[Date "2019.11.10"]
[Round "7.8"]
[White "Jarlskov, Daniel Tuk Hartso"]
[Black "Andersen, Rune"]
[Result "0-1"]
[WhiteElo "1778"]
[BlackElo "2122"]
[PlyCount "54"]
[EventDate "2019.11.??"]
[EventType "swiss"]
[EventRounds "8"]
[EventCountry "DEN"]

1. c4 e5 2. Nc3 Bb4 3. g3 c6 4. Bg2 Nf6 5. Qb3 Bc5 6. e3 Na6 7. Nge2 O-O 8. d4
Bd6 9. O-O Bc7 10. a3 d6 11. Qc2 Be6 12. b3 Qe7 13. Bb2 Rad8 14. Rad1 Nb8 15.
Rd2 a5 16. Rfd1 Nbd7 17. a4 Bg4 18. Ba3 exd4 19. exd4 Rfe8 20. f3 Qe3+ 21. Kf1
Bxf3 22. Qd3 Ng4 23. Qxe3 Nxe3+ 24. Kg1 Bxg2 25. Nf4 Nxd1 26. Nxd1 Bf3 27. Nf2
Re1# 0-1

[Event "GoAudit Open"]
[Site "Copenhagen"]
[Date "2019.11.10"]
[Round "7.9"]
[White "Wahlgreen, Noah Krug"]
[Black "Meskenas, Paulius"]
[Result "0-1"]
[WhiteElo "1749"]
[BlackElo "2003"]
[PlyCount "90"]
[EventDate "2019.11.??"]
[EventType "swiss"]
[EventRounds "8"]
[EventCountry "DEN"]

1. e4 e5 2. Nf3 Nc6 3. Bc4 Nf6 4. d3 h6 5. O-O Bc5 6. c3 d6 7. Re1 O-O 8. h3 a5
9. a4 Bb6 10. Nbd2 Re8 11. Nf1 Be6 12. Qb3 Bxc4 13. Qxc4 d5 14. Qb3 dxe4 15.
dxe4 Nd7 16. Be3 Bxe3 17. Nxe3 Nc5 18. Qc2 Qd3 19. Qxd3 Nxd3 20. Re2 Rad8 21.
Nd5 Rd7 22. Rd1 Nc5 23. b3 Red8 24. Rb1 Nxe4 25. c4 f5 26. Nh4 Nd6 27. Ne3 Nd4
28. Ree1 Rf7 29. c5 Ne4 30. Nc4 Rd5 31. Nxf5 Nc3 32. Nxd4 Nxb1 33. Rxb1 exd4
34. Nxa5 b6 35. cxb6 Rxa5 36. b7 Rf8 37. Rc1 Rb8 38. Rxc7 Kh7 39. Rd7 Ra7 40.
Rxd4 Raxb7 41. f4 Rxb3 42. f5 R3b4 43. Rd7 Rf8 44. g4 Rxa4 45. Rd3 Ra2 0-1

[Event "GoAudit Open"]
[Site "Copenhagen"]
[Date "2019.11.10"]
[Round "7.10"]
[White "Falkesgaard, Jeppe Hald"]
[Black "Iskos, Lukas"]
[Result "0-1"]
[WhiteElo "1972"]
[BlackElo "1743"]
[PlyCount "120"]
[EventDate "2019.11.??"]
[EventType "swiss"]
[EventRounds "8"]
[EventCountry "DEN"]

1. d4 Nf6 2. c4 e6 3. Nc3 d5 4. cxd5 exd5 5. Bg5 Be7 6. e3 O-O 7. Bd3 Nbd7 8.
Nf3 c5 9. dxc5 Nxc5 10. Bxf6 Bxf6 11. Bc2 Bxc3+ 12. bxc3 Ne4 13. Qd4 Qc7 14.
O-O Qxc3 15. Bxe4 Qxd4 16. Bxh7+ Kxh7 17. Nxd4 Be6 18. Rac1 Rac8 19. Nb5 a6 20.
Nd6 Rxc1 21. Rxc1 b5 22. Rc6 Ra8 23. a3 Kg6 24. f4 Kf6 25. Nb7 a5 26. Nc5 b4
27. axb4 axb4 28. Rb6 Ra1+ 29. Kf2 Rb1 30. Nd3 b3 31. Nc5 d4 32. exd4 Kf5 33.
Nd3 Ke4 34. Ke2 Bc4 35. Kd2 Bxd3 36. d5 Rb2+ 37. Kc3 Rc2+ 38. Kxb3 Kxd5 39. Rb7
Ke6 40. Rb6+ Kd7 41. Rb7+ Rc7 42. Rb4 Bf1 43. g3 Bg2 44. Rd4+ Ke6 45. Rd2 Bd5+
46. Kb2 Bf3 47. Rd3 Bg4 48. Re3+ Kd5 49. Re5+ Kd4 50. Rg5 f5 51. Rg6 Ke3 52.
Rd6 Kf2 53. Rd2+ Kg1 54. Kb3 Re7 55. Kc4 Re2 56. Rd7 Kxh2 57. Rxg7 Kxg3 58. Kd3
Re8 59. Rd7 Kxf4 60. Kd2 Kg3 0-1

[Event "GoAudit Open"]
[Site "Copenhagen"]
[Date "2019.11.10"]
[Round "8.1"]
[White "Hector, Jonny"]
[Black "Marchena Hurtado, Javier"]
[Result "1-0"]
[WhiteElo "2478"]
[BlackElo "2356"]
[PlyCount "109"]
[EventDate "2019.11.??"]
[EventType "swiss"]
[EventRounds "8"]
[EventCountry "DEN"]

1. e4 c6 2. d4 d5 3. Nd2 dxe4 4. Nxe4 Bf5 5. Ng3 Bg6 6. Nh3 Nf6 7. Bc4 Nbd7 8.
O-O e6 9. Re1 Be7 10. Nf4 Nd5 11. Nxg6 hxg6 12. Bb3 b5 13. Ne4 N7f6 14. Ng5 Qc7
15. h3 O-O 16. Qf3 Bd6 17. Bd2 Bf4 18. Rad1 Rad8 19. Bxf4 Qxf4 20. Qxf4 Nxf4
21. Nf3 Rd6 22. g3 N4d5 23. Ne5 Rc8 24. Kg2 Kf8 25. Nd3 a5 26. a3 Nb6 27. c3
Nfd5 28. Nc5 Rb8 29. h4 Ke7 30. Re2 a4 31. Ba2 Ra8 32. Rde1 Nc4 33. f4 Ndb6 34.
Kf3 Rh8 35. Bb1 Nd5 36. Be4 Rh5 37. Kg2 Rh8 38. Bd3 Ndb6 39. Kh3 Ra8 40. g4 Kf8
41. Kg3 Nd5 42. Kf3 Ndb6 43. Rh1 Kg8 44. h5 gxh5 45. Rxh5 g6 46. Rh1 Kg7 47.
Reh2 Rdd8 48. Rh7+ Kf6 49. Bxg6 Rf8 50. g5+ Ke7 51. Re1 e5 52. Nd3 Nd5 53. Nxe5
Nxe5+ 54. Rxe5+ Kd6 55. Bxf7 1-0

[Event "GoAudit Open"]
[Site "Copenhagen"]
[Date "2019.11.10"]
[Round "8.2"]
[White "Fries Nielsen, Jens Ove"]
[Black "Nielsen, Viktor Haarmark"]
[Result "1/2-1/2"]
[WhiteElo "2367"]
[BlackElo "2268"]
[PlyCount "22"]
[EventDate "2019.11.??"]
[EventType "swiss"]
[EventRounds "8"]
[EventCountry "DEN"]

1. d4 d5 2. Nc3 e6 3. Bf4 Bd6 4. e3 Nf6 5. Nf3 O-O 6. Bd3 b6 7. O-O Bb7 8. Ne5
Ne4 9. Nxe4 dxe4 10. Bc4 Nd7 11. Qe2 Qe7 1/2-1/2

[Event "GoAudit Open"]
[Site "Copenhagen"]
[Date "2019.11.10"]
[Round "8.3"]
[White "Malmqvist, Glenn"]
[Black "Rostgaard, Tobias Valentin"]
[Result "1/2-1/2"]
[WhiteElo "2121"]
[BlackElo "2357"]
[PlyCount "126"]
[EventDate "2019.11.??"]
[EventType "swiss"]
[EventRounds "8"]
[EventCountry "DEN"]

1. e4 e5 2. Nf3 Nc6 3. Bb5 a6 4. Ba4 d6 5. O-O Bd7 6. c3 g6 7. d4 Bg7 8. d5
Nce7 9. Bxd7+ Qxd7 10. c4 h6 11. Ne1 f5 12. f3 Nf6 13. Nc3 b5 14. cxb5 axb5 15.
Qb3 Rb8 16. Nd3 O-O 17. Nxe5 dxe5 18. d6+ Kh7 19. dxe7 Qxe7 20. Be3 c6 21. Rac1
Rfd8 22. Rfd1 b4 23. Na4 fxe4 24. fxe4 Nxe4 25. Rxc6 Rxd1+ 26. Qxd1 Rd8 27. Qc2
Qh4 28. Qe2 Nf6 29. Bf2 Qe4 30. Rc2 Qd5 31. b3 Ne4 32. Be1 Qd4+ 33. Kh1 Rf8 34.
h3 Qa1 35. Kh2 Ng5 36. h4 Ne6 37. Rd2 Nd4 38. Qd1 Qxd1 39. Rxd1 Rf1 40. Nb2 e4
41. Bg3 Rf8 42. Nc4 Rd8 43. Re1 Ra8 44. Rxe4 Rxa2 45. Re7 Re2 46. Rb7 Nc6 47.
Rb6 Re6 48. Na5 Nd4 49. Rxb4 Nf5 50. Rb7 Re3 51. Bf2 Re2 52. Kg1 Ra2 53. Nc4
Ra1+ 54. Kh2 h5 55. g3 Ra2 56. Kg1 Kg8 57. Kf1 Nh6 58. Be3 Ng4 59. Bf4 Bc3 60.
Rd7 Nh2+ 61. Kg1 Nf3+ 62. Kf1 Nh2+ 63. Kg1 Nf3+ 1/2-1/2

[Event "GoAudit Open"]
[Site "Copenhagen"]
[Date "2019.11.10"]
[Round "8.4"]
[White "Pedersen, Nicolai Vesterbaek"]
[Black "Hoi, Carsten"]
[Result "1-0"]
[WhiteElo "2391"]
[BlackElo "2317"]
[PlyCount "65"]
[EventDate "2019.11.??"]
[EventType "swiss"]
[EventRounds "8"]
[EventCountry "DEN"]

1. c4 Nf6 2. Nc3 g6 3. d4 Bg7 4. e4 d6 5. f3 O-O 6. Nge2 c6 7. Be3 Nbd7 8. Ng3
e5 9. d5 cxd5 10. cxd5 a6 11. Be2 h5 12. Bg5 b5 13. Qd2 Qb6 14. Be3 Qd8 15. Bg5
Qb6 16. Be3 Qd8 17. Bd3 Nc5 18. Bc2 Bd7 19. b4 Na4 20. Nxa4 bxa4 21. O-O h4 22.
Ne2 Nh5 23. Rac1 Kh7 24. Bg5 f6 25. Be3 g5 26. g4 hxg3 27. hxg3 g4 28. f4 exf4
29. Nxf4 Nxf4 30. Bxf4 Kg8 31. Bxd6 Re8 32. e5 fxe5 33. Bc7 1-0